The Asian marketing casebook / (Record no. 4102)

MARC details
000 -LEADER
fixed length control field 00678nam a2200241 a 4500
001 - CONTROL NUMBER
control field 00006598
008 - FIXED-LENGTH DATA ELEMENTS--GENERAL INFORMATION
fixed length control field 110328s1999 si a g 000 0 eng d
020 ## - INTERNATIONAL STANDARD BOOK NUMBER
ISBN 0137955502 :
Terms of availability
-- 8.00
040 ## - CATALOGING SOURCE
Original cataloging agency BD-DhIUB
Transcribing agency BD-DhIUB
082 04 - DEWEY DECIMAL CLASSIFICATION NUMBER
Classification number 658.80954
Edition number 19
100 1# - MAIN ENTRY--PERSONAL NAME
Personal name Capon, Noel
245 00 - TITLE STATEMENT
Title The Asian marketing casebook /
Statement of responsibility, etc Noel Capon, Wilfried R. Vanhonacker
250 ## - EDITION STATEMENT
Edition statement 1st ed.
260 ## - PUBLICATION, DISTRIBUTION, ETC. (IMPRINT)
Place of publication, distribution, etc Singapore :
Name of publisher, distributor, etc Prentice Hall,
Date of publication, distribution, etc 1999.
300 ## - PHYSICAL DESCRIPTION
Extent xxvi, 958 p. :
Other physical details ill. ;
Dimensions 24 cm.
520 0# - SUMMARY, ETC.
Summary, etc Business
556 ## - INFORMATION ABOUT DOCUMENTATION NOTE
Information about documentation note 2000-11-01
526 ## - STUDY PROGRAM INFORMATION NOTE
Department Marketing
650 17 - SUBJECT ADDED ENTRY--TOPICAL TERM
Topical term or geographic name as entry element Marketings
Source of heading or term Spines
651 #4 - SUBJECT ADDED ENTRY--GEOGRAPHIC NAME
Geographic name Asia
700 1# - ADDED ENTRY--PERSONAL NAME
Personal name Vanhonacker, Wilfried R.
Holdings
Withdrawn status Lost status Source of classification or shelving scheme Damaged status Not for loan Home library Current library Shelving location Date acquired Cost, normal purchase price Full call number Barcode Date last seen Copy number Price effective from Koha item type
Withdrawn by 65th FC Meeting (2015) LOST Dewey Decimal Classification     Library, Independent University, Bangladesh (IUB) Library, Independent University, Bangladesh (IUB) General Stacks 21/04/2011 0.00 658.80954 C246t 011091 16/05/2011 1 16/05/2011 Books